00337nam a2200121 a 4500008004100000050001700041100001500058245003900073260006800112350000900180650000900189650001700198091209s1999 ||||||||||||||||| || u aPAPERS/STAFF aDavy, T. L10aThe surveyor's role in development aKitwebCopperbelt University, School of Built Environmentc1999 a0.00 aLAND aLAND ECONOMY